Dynamics of spatial exploitation in a patchy environment (Registro nro. 11182)

Detalles MARC
000 -CABECERA
Campo de control 005140000a22001690004500
090 ## - CLASIFICACIÓN LOCAL
Colección AR
Consecutivo 02105
041 0# - IDIOMA
Código de idioma para texto/pista de sonido o título separado
100 1# - ASIENTO PRINCIPAL--NOMBRE PERSONAL
Nombre personal Sanchirico, James N.
245 10 - MENCION DE TITULO
Título Dynamics of spatial exploitation in a patchy environment
650 14 - ASIENTO SECUNDARIO DE MATERIA - TERMINO TEMATICO
Término temático o nombre geográfico como elemento de entrada Ecología del paisaje
650 14 - ASIENTO SECUNDARIO DE MATERIA - TERMINO TEMATICO
Término temático o nombre geográfico como elemento de entrada Economía ambiental
650 14 - ASIENTO SECUNDARIO DE MATERIA - TERMINO TEMATICO
Término temático o nombre geográfico como elemento de entrada Modelación espacial
650 14 - ASIENTO SECUNDARIO DE MATERIA - TERMINO TEMATICO
Término temático o nombre geográfico como elemento de entrada Planificación de uso del suelo
700 1# - ASIENTO SECUNDARIO - NOMBRE PERSONAL
Nombre personal Wilen, James E.
773 1# - Item fuente:
Título Preprint
Especificación de materiales 3
Paginas del Articulo 1-16
Lugar, editorial y fecha de publicación 1997
942 ## - ELEMENTOS ADICIONALES (KOHA)
Tipo de ítem Artículo
Existencias
Withdrawn status Lost status Damaged status No para préstamo Colección Ubicación Permanente Ubicación actual Fecha de adquisición Datos de publicación Seriada Total Checkouts Número topográfico Inventario / Código de Barras Date last seen Ejemplar Price effective from Forma de adquisición Tipo de material
      No para Préstamo Hemeroteca Bogotá Bogotá 27/02/2015 Fuera de circulación   AR 02105 012479 25/03/2015 1 25/03/2015   Artículo